| 000 | 00931nam a2200301Ia 4500 | ||
|---|---|---|---|
| 001 | 76377 | ||
| 003 | IT-RoPAU | ||
| 008 | 130308s9999 xx 000 0 und d | ||
| 040 | _aIT-RoPAU | ||
| 040 | _cIT-RoPAU | ||
| 041 | _aINGLESE | ||
| 100 | _aKadar-Fulop Judit | ||
| 100 | _gCodice Aut. SPICS: 26536 | ||
| 245 | _aCulture, Writing and Curriculum | ||
| 245 | _bWriting Across Languages And Cultures-Issues in contrastive Rhetoric | ||
| 250 | _a1a ed. | ||
| 260 | _aLONDON | ||
| 260 | _bSage Publications B.H. | ||
| 260 | _c1988 [1° Ed.:1988 - Ed.Ling.Originale:1988] | ||
| 300 | _a"26 p. (prefazione: no ; testo: 26 [pagine: 25-50])" | ||
| 500 | _aCultura Scrittura curriculum Funzioni della Letteratura in Società Educazione Letteraria Letteratura di domani nella Scuola | ||
| 650 | _aLINGUISTICA | ||
| 650 | _eCodice materia Spics: 3201 | ||
| 942 | _cBK | ||
| 957 | _71 | ||
| 999 |
_c39199 _d39199 |
||
| 999 | _bSI | ||
| 999 | _g1 | ||